UM Logo

Bates' guide to physical examination and history taking/ (Record no. 5263)

MARC details
000 -LEADER
fixed length control field 01511cam a22003734a 4500
001 - CONTROL NUMBER
control field 12723975
005 - DATE AND TIME OF LATEST TRANSACTION
control field 20161015143446.0
008 - FIXED-LENGTH DATA ELEMENTS--GENERAL INFORMATION
fixed length control field 020329s2003 paua b 001 0 eng
010 ## - LIBRARY OF CONGRESS CONTROL NUMBER
LC control number 2002141573
020 ## - INTERNATIONAL STANDARD BOOK NUMBER
International Standard Book Number 0-7817-3511-4 (alk. paper)
035 ## - SYSTEM CONTROL NUMBER
System control number (DNLM)101141946
040 ## - CATALOGING SOURCE
Original cataloging agency DNLM/DLC
Transcribing agency DLC
Modifying agency DLC
042 ## - AUTHENTICATION CODE
Authentication code pcc
050 00 - LIBRARY OF CONGRESS CALL NUMBER
Classification number RC76
Item number .B38 2003
060 10 - NATIONAL LIBRARY OF MEDICINE CALL NUMBER
Classification number WB 205
Item number B583b 2003
082 00 - DEWEY DECIMAL CLASSIFICATION NUMBER
Classification number DC 616.0754
Edition number 2003
Item number B47b
100 1# - MAIN ENTRY--PERSONAL NAME
Personal name Bickley, Lynn S.
245 10 - TITLE STATEMENT
Title Bates' guide to physical examination and history taking/
Statement of responsibility, etc. Lynn S. Bickley. Peter G. Szilagyi.
250 ## - EDITION STATEMENT
Edition statement Eighth Edition
260 ## - PUBLICATION, DISTRIBUTION, ETC. (IMPRINT)
Place of publication, distribution, etc. Philadelphia :
Name of publisher, distributor, etc. Lippincott Williams & Wilkins,
Date of publication, distribution, etc. c2003.
300 ## - PHYSICAL DESCRIPTION
Extent xxiii, 862 pages :
Other physical details color illustrations ;
Dimensions 29 cm.
504 ## - BIBLIOGRAPHY, ETC. NOTE
Bibliography, etc Includes bibliographical references (p. 803-823) and index.
538 ## - SYSTEM DETAILS NOTE
System details note System requirements: Windows 98, NT, or 2000 with 16 MB RAM; 8x CD-ROM drive, video card capable of 256 colors, and compliant sound card or Macintosh.
650 #0 - SUBJECT ADDED ENTRY--TOPICAL TERM
Topical term or geographic name as entry element Physical diagnosis.
650 #0 - SUBJECT ADDED ENTRY--TOPICAL TERM
Topical term or geographic name as entry element Medical history taking.
650 12 - SUBJECT ADDED ENTRY--TOPICAL TERM
Topical term or geographic name as entry element Physical Examination
General subdivision methods.
650 22 - SUBJECT ADDED ENTRY--TOPICAL TERM
Topical term or geographic name as entry element Medical History Taking
General subdivision methods.
700 1# - ADDED ENTRY--PERSONAL NAME
Personal name Szilagyi, Peter G.
856 42 - ELECTRONIC LOCATION AND ACCESS
Materials specified Publisher description
Uniform Resource Identifier <a href="http://www.loc.gov/catdir/enhancements/fy0807/2002141573-d.html">http://www.loc.gov/catdir/enhancements/fy0807/2002141573-d.html</a>
365 ## - TRADE PRICE
Price amount 3,150.00
Currency code Php
906 ## - LOCAL DATA ELEMENT F, LDF (RLIN)
a 7
b cbc
c orignew
d 1
e ocip
f 20
g y-gencatlg
942 ## - ADDED ENTRY ELEMENTS (KOHA)
Source of classification or shelving scheme Dewey Decimal Classification
Koha item type Circulation
Holdings
Withdrawn status Lost status Source of classification or shelving scheme Damaged status Not for loan Collection code Home library Current library Date acquired Source of acquisition Total Checkouts Full call number Barcode Date last seen Copy number Cost, replacement price Price effective from Koha item type
    Dewey Decimal Classification     Circulation UM Digos College - LIC UM Digos College - LIC 11/10/2005 Purchased   DC 616.0754 B47b 2003 18351 05/15/2025 2 3150.00 10/15/2016 Circulation
    Dewey Decimal Classification     Circulation UM Digos College - LIC UM Digos College - LIC 11/10/2005 Purchased   DC 616.0754 B47b 2003 18350 05/15/2025 1 3150.00 10/15/2016 Circulation